Statystyki dla Biolka

Kliknij tutaj aby rozwiązać quiz!

Ogólne statystyki

  • Ten quiz został rozwiązany 221 razy
  • Średni wynik to 19 z 86

Statystyki odpowiedzi

PolskiAngielski% Poprawnych
wodawater
74%
krewblood
73%
komórkacell
73%
organ (narząd)organ
73%
atomatom
66%
kośćbone
64%
tlen (O)oxygen
63%
tłuszczfat
61%
organiczneorganic
57%
witaminyvitamins
57%
ekosystemecosystem
56%
węgiel (C)carbon
55%
minerałyminerals
54%
mięsieńmuscle
50%
lipidlipid
49%
organizmorganism
49%
populacja (gatunki)population
48%
neuronneuron
46%
cukrysugars
45%
biosferabiosphere
38%
glukozaglucose
34%
limfalimph
33%
mitozamitosis
27%
bakterie zwierzęceanimal bacteria
26%
azot (N)nitrogen
26%
biotycznabiotic
25%
cytoplazmacytoplasm
25%
ruchmovement
24%
komórka mięśniowamuscle cell
24%
bakterie roślinneplant bacteria
24%
abiotycznyabiotic
23%
chloroplastchloroplast
23%
diploidalnediploid
23%
haploidalnehaploid
23%
tkankatissue
22%
węglowodanycarbohydrates
19%
dwutlenek węglacarbon dioxide
18%
wzrostgrowth
18%
nieorganiczneinorganic
17%
komórka somatycznasomatic cell
17%
jądronucleus
16%
krwinki czerwonered blood cells
16%
krwinki białewhite blood cells
16%
fotosyntezaphotosynthesis
15%
mejozameiosis
14%
cząsteczkamolecule
14%
mitochondriummitochondria
13%
robosomyribosome
11%
wrażliwośćsensitivity
11%
różnorodnośćdiversity
10%
tkanka mięśniowamuscle tissue
10%
kwasy nukleinowenucleic acids
10%
kwasy tłuszczowefatty acids
9%
bakterie grzybowefungi bacteria
9%
układ narządóworgan system
9%
rozwójdevelopment
8%
osoczeplasma
8%
konsumentconsumer
7%
gametygametes
7%
producentproducer
7%
podział komórekcell division
6%
membrana plazmowaplasma membrane
6%
oddychanierespiration
6%
chlorofilchlorophyll
5%
łańcuch pokarmowyfood chain
5%
środowiskohabitat
4%
odżywianienutrition
3%
płytki krwiplatelets
3%
rozmnażaniereproduction
3%
płyn tkankowytissue fluid
3%
mocznikurea
3%
sieć żywnościfood web
2%
rozmnażanie płciowesexual reproduction
2%
tkanka tłuszczowaadipose tissue
1%
chrząstkacartilage
1%
nabłonekepithelium
1%
wydalanieexcretion
1%
czynnik ograniczającylimiting factor
1%
niszeniche
1%
odruchreflex
1%
rozmnażanie bezpłcioweasexual reproduction
0%
biocenozacommunity
0%
destruent (rozkładnik)decomposer
0%
komórka nabłonkowaepithelial cells
0%
bodźcestimuli
0%
poziomy troficznethropic levels
0%

Rozkład punktacji

Percentyl według liczby udzielonych odpowiedzi

Procent ludzi z każdym wynikiem

Twoja historia wyników

Nie rozwiązałeś tego quizu